[Event "International Championship of Central S"]
[Site "Paracin"]
[Date "2014.07.08"]
[Round "5.1"]
[White "Milosevic, Rade"]
[Black "Nikolovski, Nikola"]
[Result "1/2-1/2"]
[WhiteElo "2100"]
[BlackElo "2017"]
[PlyCount "129"]
[EventDate "2014.07.04"]

1. Nf3 Nf6 2. c4 g6 3. Nc3 Bg7 4. e4 d6 5. d4 O-O 6. h3 e5 7. dxe5 dxe5 8. Qxd8
Rxd8 9. Bg5 c6 10. Rd1 Rxd1+ 11. Kxd1 Na6 12. Bd3 Be6 13. b3 Nc5 14. Ke2 a5 15.
Rd1 Nfd7 16. Be3 f6 17. Ne1 Kf7 18. f3 Bf8 19. Rb1 Rd8 20. Rb2 Na6 21. Bb1 Bc5
22. Bxc5 Ndxc5 23. Nd3 Ke7 24. Nxc5 Nxc5 25. Rd2 Ra8 26. Ke3 a4 27. Rb2 axb3
28. axb3 Ra3 29. Bc2 Kd6 30. Kd2 Na6 31. Ra2 Rxa2 32. Nxa2 g5 33. Kc3 h5 34.
Nb4 Nc7 35. Nd3 b6 36. Bd1 Bf7 37. Nc1 Ne6 38. Ne2 Nf4 39. Nxf4 exf4 40. Kd4
c5+ 41. Kc3 Ke5 42. Bc2 Be6 43. Bd3 g4 44. hxg4 hxg4 45. Be2 Bd7 46. Bd3 Bc6
47. Be2 f5 48. exf5 gxf3 49. Bxf3 Bxf3 50. gxf3 Kxf5 51. Kd3 Ke5 52. Kc3 Kf6
53. Kd3 Kf5 54. Ke2 Kf6 55. Kd3 Ke5 56. Ke2 Kf6 57. Kd3 Kf5 58. Ke2 Kg5 59. Kf2
Kh5 60. Kg2 Kh4 61. Kh2 Kg5 62. Kg2 Kf5 63. Kf2 Ke5 64. Ke2 Kd4 65. Kd2 1/2-1/2

[Event "International Championship of Central S"]
[Site "Paracin"]
[Date "2014.07.08"]
[Round "5.2"]
[White "Ostojic, Nikola M"]
[Black "Marjanovics, Gyorgy"]
[Result "0-1"]
[WhiteElo "2074"]
[BlackElo "2070"]
[PlyCount "145"]
[EventDate "2014.07.04"]

1. d4 d5 2. Nf3 Nf6 3. c4 e6 4. Nc3 c6 5. Qc2 Nbd7 6. cxd5 exd5 7. Bg5 Be7 8.
e3 Nf8 9. Bd3 Be6 10. Rb1 a5 11. a3 N8d7 12. h3 h6 13. Bf4 b5 14. a4 b4 15. Ne2
Qb6 16. b3 Rc8 17. O-O O-O 18. Rfc1 c5 19. dxc5 Nxc5 20. Qd1 Nxd3 21. Qxd3 Ne4
22. Nfd4 Bf6 23. f3 Nc5 24. Qd2 Bd7 25. Bg3 Ne6 26. Bf2 Nxd4 27. Nxd4 Bxd4 28.
exd4 Bf5 29. Rxc8 Rxc8 30. Rc1 Rxc1+ 31. Qxc1 Qg6 32. Kh2 Bc2 33. Qe3 Qe6 34.
Qxe6 fxe6 35. Bg3 Bxb3 36. Bc7 Bxa4 37. Bxa5 b3 38. Bc3 Kf7 39. Kg3 g5 40. f4
Kg6 41. fxg5 Kxg5 42. Bb2 Bb5 43. Bc1+ Kf5 44. Kf3 e5 45. g4+ Ke6 46. dxe5 Kxe5
47. Ke3 d4+ 48. Kd2 Bf1 49. h4 Bh3 50. g5 h5 51. Bb2 Bf5 52. Ke2 Ke4 53. Kd2 d3
54. Bc1 Bg6 55. Kc3 Kf3 56. Kxb3 Kg3 57. Kc3 Kxh4 58. Kd4 Kg3 59. Bd2 Kf2 60.
Bf4 h4 61. Ke5 h3 62. Kf6 Be4 63. g6 Bxg6 64. Kxg6 Kg2 65. Kf5 h2 66. Ke4 h1=Q
67. Kxd3 Kf3 68. Be5 Qd1+ 69. Kc4 Ke4 70. Bc3 Qc2 71. Kb4 Kd3 72. Bb2 Qc4+ 73.
Ka3 0-1

[Event "International Championship of Central S"]
[Site "Paracin"]
[Date "2014.07.08"]
[Round "5.3"]
[White "Arandjelovic, Aleksandar Z"]
[Black "Zajic, Milun"]
[Result "0-1"]
[WhiteElo "2060"]
[BlackElo "1970"]
[PlyCount "64"]
[EventDate "2014.07.04"]

1. d4 Nf6 2. c4 e6 3. Nc3 Bb4 4. Bg5 h6 5. Bh4 c5 6. d5 exd5 7. cxd5 d6 8. e3
Nbd7 9. Nge2 O-O 10. Qc2 Qa5 11. O-O-O b5 12. f3 Bxc3 13. Nxc3 c4 14. Be1 Ba6
15. g4 b4 16. g5 hxg5 17. h4 g4 18. Nb1 Ne5 19. a3 Nd3+ 20. Rxd3 cxd3 21. Qb3
Rac8+ 22. Kd1 Qxd5 23. Qxd5 Nxd5 24. Bd2 gxf3 25. axb4 Rfe8 26. Nc3 Nxe3+ 27.
Kc1 d5 28. Kb1 d4 29. Na4 Rc2 30. Bc1 Rxc1+ 31. Kxc1 Nxf1 32. Kd1 d2 0-1

[Event "International Championship of Central S"]
[Site "Paracin"]
[Date "2014.07.08"]
[Round "5.4"]
[White "Tomic, Slobodan"]
[Black "Jakovljevic, Dejan"]
[Result "1/2-1/2"]
[WhiteElo "2060"]
[BlackElo "1962"]
[PlyCount "76"]
[EventDate "2014.07.04"]

1. d4 Nf6 2. Nf3 e6 3. c4 b6 4. g3 Bb7 5. Bg2 Be7 6. Nc3 Ne4 7. Qc2 Nxc3 8.
bxc3 f5 9. O-O O-O 10. d5 Qc8 11. Nd4 g6 12. Bh6 Re8 13. e4 Na6 14. Nb3 Bf6 15.
Rfe1 Re7 16. e5 Bh8 17. Qd2 Rb8 18. Rad1 Qe8 19. Bg5 Rf7 20. h4 Qf8 21. Qc1 Nc5
22. Qe3 Ne4 23. Bf4 c6 24. d6 c5 25. f3 Nxg3 26. Bh6 Bg7 27. Bxg7 Qxg7 28. f4
Bxg2 29. Kxg2 Ne4 30. Nd2 Nxd2 31. Rxd2 Qf8 32. Kh2 Kh8 33. Rg2 Qh6 34. Kh3 Rg8
35. Rg5 Qf8 36. Reg1 Rfg7 37. Qe2 Qa8 38. R5g3 Qc6 1/2-1/2

[Event "International Championship of Central S"]
[Site "Paracin"]
[Date "2014.07.08"]
[Round "5.5"]
[White "Manelidis, Savvas"]
[Black "Zivanovic, Blagoje"]
[Result "1-0"]
[WhiteElo "2000"]
[BlackElo "1931"]
[PlyCount "64"]
[EventDate "2014.07.04"]

1. e4 e5 2. d4 exd4 3. Qxd4 Nc6 4. Qe3 d6 5. Nc3 Be6 6. f4 f6 7. Nf3 Be7 8. Bd2
Qd7 9. O-O-O a6 10. h3 h5 11. Be2 b5 12. Nd5 g6 13. Nh4 Bf7 14. g4 Nh6 15. Bc3
Qd8 16. Nf3 Rh7 17. g5 Ng8 18. gxf6 Nxf6 19. Nxf6+ Bxf6 20. e5 Qe7 21. Qe4 Kd7
22. Nd4 d5 23. e6+ Bxe6 24. Nxe6 Qxe6 25. Rxd5+ Ke7 26. Qxg6 Rf7 27. Bxf6+ Rxf6
28. Qg7+ Rf7 29. Qg5+ Kf8 30. Bxh5 Rf6 31. Rg1 Ke7 32. Qg7+ Rf7 1-0

[Event "International Championship of Central S"]
[Site "Paracin"]
[Date "2014.07.08"]
[Round "5.6"]
[White "Aleksic, Neven"]
[Black "Chetina, Elizaveta"]
[Result "1-0"]
[WhiteElo "1981"]
[BlackElo "1890"]
[PlyCount "85"]
[EventDate "2014.07.04"]

1. d4 Nf6 2. c4 e6 3. Nf3 d5 4. Nc3 c6 5. e3 Bd6 6. Bd3 Nbd7 7. O-O O-O 8. e4
dxe4 9. Nxe4 Nxe4 10. Bxe4 f5 11. Bc2 e5 12. dxe5 Nxe5 13. Re1 Nxf3+ 14. Qxf3
Qc7 15. h3 Bd7 16. Bg5 Be5 17. Rad1 Be6 18. Qe3 Bh2+ 19. Kh1 Rae8 20. f4 h6 21.
Bxh6 gxh6 22. Kxh2 Bxc4 23. Qg3+ Qg7 24. Qxg7+ Kxg7 25. Rd7+ Kf6 26. Rd6+ Re6
27. Rdxe6+ Bxe6 28. Bb3 Re8 29. g4 Kf7 30. Rxe6 Rd8 31. Rd6+ Ke7 32. Rxd8 Kxd8
33. gxf5 Ke7 34. Kg3 Kf6 35. Kg4 c5 36. Be6 b5 37. Kf3 Ke7 38. Ke4 Kd6 39. Bd5
a5 40. f6 c4 41. f7 Ke7 42. Kd4 a4 43. a3 1-0

[Event "International Championship of Central S"]
[Site "Paracin"]
[Date "2014.07.08"]
[Round "5.7"]
[White "Konstantinov, Aleksandar"]
[Black "Radovanovic, Miroljub B"]
[Result "1-0"]
[WhiteElo "1828"]
[BlackElo "1974"]
[PlyCount "85"]
[EventDate "2014.07.04"]

1. c4 c5 2. Nc3 Nc6 3. g3 g6 4. Bg2 Bg7 5. e4 d6 6. Nge2 e5 7. O-O Nge7 8. d3
O-O 9. Be3 Be6 10. Rb1 Qd7 11. a3 a5 12. Na4 Qc7 13. Nec3 Nd4 14. Nd5 Nxd5 15.
exd5 Bd7 16. Nc3 a4 17. Bxd4 cxd4 18. Ne4 f5 19. Ng5 h6 20. Ne6 Bxe6 21. dxe6
Kh7 22. b3 Rfb8 23. bxa4 e4 24. dxe4 fxe4 25. Bxe4 Qe7 26. Qg4 Qf6 27. Rb4 Ra5
28. Bd5 Qe5 29. Qd1 Rxd5 30. cxd5 Qxd5 31. Qb3 Qe4 32. a5 Re8 33. Rxb7 d3 34.
e7 d2 35. a6 d5 36. Qe3 Qc4 37. Qxd2 Qxa6 38. Qxd5 Qxa3 39. Qd7 Qa8 40. Rd1 Bf6
41. Qxe8 Qxe8 42. Rd8 Qc6 43. e8=Q+ 1-0

[Event "International Championship of Central S"]
[Site "Paracin"]
[Date "2014.07.08"]
[Round "5.8"]
[White "Trifunovic, Borisav"]
[Black "Djordjevic, Danilo"]
[Result "0-1"]
[WhiteElo "1951"]
[BlackElo "2080"]
[PlyCount "114"]
[EventDate "2014.07.04"]

1. d4 Nf6 2. c4 e6 3. Nf3 b6 4. a3 Bb7 5. Nc3 d5 6. cxd5 exd5 7. Qa4+ c6 8. Bg5
Be7 9. e3 Nbd7 10. Bd3 O-O 11. O-O a6 12. Qc2 h6 13. Bh4 c5 14. dxc5 bxc5 15.
Qe2 Re8 16. Qd1 Bc6 17. Rb1 Ne4 18. Bxe7 Qxe7 19. Ne2 a5 20. Qc2 Rac8 21. Nc3
Nxc3 22. Qxc3 d4 23. exd4 Bxf3 24. gxf3 cxd4 25. Qxd4 Ne5 26. Be4 Rc4 27. Qe3
Qd7 28. Rfc1 Nxf3+ 29. Qxf3 Rcxe4 30. Kh1 Qd6 31. Rd1 Qe5 32. Rg1 Rf4 33. Qg2
Qf6 34. f3 Re3 35. Rgf1 Rexf3 36. Rxf3 Rxf3 37. Rg1 g6 38. b4 a4 39. b5 Kg7 40.
b6 Rf2 41. Qe4 Qxb6 42. Qe5+ Qf6 43. Qxf6+ Kxf6 44. Rg4 Ra2 45. Rxa4 Kg5 46.
Kg1 f5 47. h3 f4 48. Kh1 Kf5 49. Kg1 g5 50. Kh1 f3 51. Kg1 h5 52. Kf1 g4 53.
hxg4+ hxg4 54. Ra8 Kg6 55. Re8 Ra1+ 56. Re1 Rxe1+ 57. Kxe1 f2+ 0-1

[Event "International Championship of Central S"]
[Site "Paracin"]
[Date "2014.07.08"]
[Round "5.9"]
[White "Rasic, Jovan"]
[Black "Molcanov, Sergej"]
[Result "0-1"]
[WhiteElo "2072"]
[BlackElo "1907"]
[PlyCount "132"]
[EventDate "2014.07.04"]

1. e4 c6 2. d4 d5 3. exd5 cxd5 4. Bd3 Nc6 5. c3 Nf6 6. Bg5 h6 7. Bh4 Qb6 8. Qe2
g5 9. Bg3 Bg4 10. Nf3 Bxf3 11. gxf3 Nh5 12. Na3 e6 13. O-O Nf4 14. Bxf4 gxf4
15. Kh1 Bxa3 16. bxa3 O-O-O 17. Rab1 Qc7 18. Rb2 Rhg8 19. Rfb1 b6 20. Ba6+ Kb8
21. Rb5 Ka8 22. a4 Rb8 23. R5b2 Qd8 24. Bb5 Na5 25. Rg1 Rxg1+ 26. Kxg1 Qg5+ 27.
Kf1 Rg8 28. Ke1 Qg1+ 29. Kd2 Rg2 30. Kd3 Rxh2 31. c4 Rh5 32. c5 Rh1 33. c6 Qd1+
34. Kc3 Qxe2 35. Rxe2 Kb8 36. c7+ Kxc7 37. Be8 h5 38. Bxf7 h4 39. Rxe6 h3 40.
Rh6 h2 41. Kc2 Nc6 42. Bxd5 Nxd4+ 43. Kd2 Nf5 44. Rh5 Kd6 45. Be4 Ng7 46. Rh7
Kc5 47. Bc2 Kb4 48. Rh4 Ne6 49. Kd3 Nc5+ 50. Kd2 Ka3 51. Bd1 Kxa2 52. Kc2 Ka3
53. Kd2 Nxa4 54. Bxa4 Kxa4 55. Rxf4+ Kb5 56. Rh4 a5 57. Kc2 Kc5 58. f4 Kd5 59.
f5 Ke5 60. Rh5 a4 61. Kb2 a3+ 62. Ka2 b5 63. f4+ Kf6 64. Rh6+ Kxf5 65. Rh5+
Kxf4 66. Rh8 b4 0-1

[Event "International Championship of Central S"]
[Site "Paracin"]
[Date "2014.07.08"]
[Round "5.10"]
[White "Brankovan, Mario"]
[Black "Dimitrijevic, Dusan"]
[Result "0-1"]
[WhiteElo "1921"]
[BlackElo "2067"]
[PlyCount "80"]
[EventDate "2014.07.04"]

1. e4 d5 2. exd5 Nf6 3. c4 e6 4. dxe6 Bxe6 5. Nf3 Qe7 6. Be2 Bxc4 7. d3 Ba6 8.
O-O Nc6 9. Re1 O-O-O 10. d4 Nxd4 11. Nxd4 Bxe2 12. Rxe2 Rxd4 13. Qc2 Qd7 14.
Nc3 Bb4 15. Be3 Rd3 16. a4 Rd8 17. a5 Bxa5 18. h3 Bxc3 19. bxc3 Rd1+ 20. Re1
Rxe1+ 21. Rxe1 b6 22. Qa2 Kb8 23. c4 Qe6 24. Ra1 a5 25. Qb3 Qe5 26. Rc1 Rd6 27.
c5 Qe6 28. Qb5 Qd7 29. Qe2 Rc6 30. Rd1 Qe6 31. Qb2 Nd5 32. Bd4 f6 33. Qb5 Nf4
34. Be3 Nd5 35. Bd4 Qe4 36. f3 Qc2 37. Ra1 Nf4 38. Bf2 Rxc5 39. Qa4 Rc4 40. Qd7
Qg6 0-1

[Event "International Championship of Central S"]
[Site "Paracin"]
[Date "2014.07.08"]
[Round "5.11"]
[White "Milutinovic, Stefana"]
[Black "Pavlovic, Slobodan Z"]
[Result "1-0"]
[WhiteElo "2055"]
[BlackElo "1792"]
[PlyCount "123"]
[EventDate "2014.07.04"]

1. d4 d5 2. c4 e5 3. dxe5 d4 4. Nf3 Nc6 5. a3 Bg4 6. Nbd2 a6 7. g3 Qd7 8. Bg2
Bh3 9. O-O Bxg2 10. Kxg2 h5 11. h4 Nh6 12. b4 Ng4 13. Nb3 O-O-O 14. Bg5 f6 15.
exf6 gxf6 16. Bf4 Rg8 17. b5 axb5 18. cxb5 Nce5 19. Nbxd4 Ng6 20. e3 Qd5 21.
Kg1 Bd6 22. Qb3 Nxf4 23. exf4 Qxb3 24. Nxb3 Bxf4 25. Rfd1 Bd6 26. a4 f5 27. Kf1
Rde8 28. Re1 Rgf8 29. Nbd4 Bb4 30. Re2 f4 31. Ne6 fxg3 32. Nxf8 Rxf8 33. Kg2
gxf2 34. Rxf2 Nxf2 35. Kxf2 b6 36. Ke3 Bc5+ 37. Ke4 Rg8 38. a5 bxa5 39. Rxa5
Kb7 40. Ra6 Bb6 41. Ra2 Re8+ 42. Ne5 Bc5 43. Kf5 Kb6 44. Rg2 Kxb5 45. Rg5 Bd6
46. Nf7 Rf8 47. Kf6+ Kc6 48. Rxh5 Kd7 49. Kg7 Bb4 50. Rb5 Be7 51. Ne5+ Ke6 52.
Ng6 Rf7+ 53. Kg8 Rf6 54. Re5+ Kd6 55. Rg5 c5 56. Nxe7 Kxe7 57. Rxc5 Rh6 58. h5
Kd6 59. Ra5 Kc7 60. Kg7 Rb6 61. h6 Rb1 62. h7 1-0

[Event "International Championship of Central S"]
[Site "Paracin"]
[Date "2014.07.08"]
[Round "5.12"]
[White "Farkas, Sandor I"]
[Black "Thomassen, Thomas"]
[Result "1-0"]
[WhiteElo "1901"]
[BlackElo "2050"]
[PlyCount "54"]
[EventDate "2014.07.04"]

1. e4 c5 2. Nf3 e6 3. d4 cxd4 4. Nxd4 Nc6 5. c4 Nf6 6. Nc3 Bb4 7. f3 O-O 8. Be3
d5 9. Qc2 Nxd4 10. Bxd4 dxe4 11. O-O-O Qe7 12. Nxe4 e5 13. Be3 Nxe4 14. Qxe4
Qc7 15. Bd3 f5 16. Qd5+ Kh8 17. Bc2 Re8 18. Qb5 Qe7 19. a3 Bxa3 20. bxa3 Qxa3+
21. Kb1 Be6 22. Bc1 Qf8 23. Bb2 Rec8 24. Qxe5 Qf7 25. Rhe1 Rc6 26. c5 Rac8 27.
Rd6 Ba2+ 1-0

[Event "International Championship of Central S"]
[Site "Paracin"]
[Date "2014.07.08"]
[Round "5.13"]
[White "Glisic, Tomislav"]
[Black "Majstorovic, Dusan"]
[Result "1-0"]
[WhiteElo "1881"]
[BlackElo "2022"]
[PlyCount "79"]
[EventDate "2014.07.04"]

1. e4 e5 2. Nf3 Nc6 3. Bc4 Nf6 4. Ng5 d5 5. exd5 Na5 6. Bb5+ c6 7. dxc6 bxc6 8.
Ba4 h6 9. Nf3 e4 10. Ne5 Qd4 11. c3 Qxe5 12. b4 Nb7 13. Bxc6+ Nd7 14. Na3 Bxb4
15. Rb1 Bxa3 16. Bxa3 Rb8 17. O-O Qc7 18. Qa4 Nd6 19. Rxb8 Qxb8 20. Qd4 Ke7 21.
Qxe4+ Kd8 22. Qd5 Ne8 23. Re1 Qf4 24. g3 Qg5 25. Qd4 Qf6 26. Qe4 Nd6 27. Qd5
Kc7 28. Ba8 Nb7 29. Re7 Rd8 30. Rxf7 Kb8 31. Rxf6 Nxf6 32. Qf7 Kxa8 33. d4 Re8
34. f3 Re2 35. Kf1 Rxh2 36. Qxg7 Nd5 37. Qf8 Kb8 38. c4 Ne3+ 39. Kg1 Rxa2 40.
Qf4+ 1-0

[Event "International Championship of Central S"]
[Site "Paracin"]
[Date "2014.07.08"]
[Round "5.14"]
[White "Cvetkovski, Slobodan"]
[Black "Bozinovic, Boban"]
[Result "1-0"]
[WhiteElo "1875"]
[BlackElo "2011"]
[PlyCount "157"]
[EventDate "2014.07.04"]

1. e4 c5 2. Nf3 d6 3. d4 cxd4 4. Nxd4 Nf6 5. Nc3 g6 6. Bc4 Bg7 7. f3 O-O 8. Be3
Nc6 9. Qd2 Ne5 10. Bb3 Bd7 11. O-O-O Qa5 12. Kb1 Rfc8 13. h4 Nc4 14. Bxc4 Rxc4
15. Nb3 Qc7 16. Bh6 Bxh6 17. Qxh6 Rxc3 18. bxc3 Qxc3 19. Qd2 Rc8 20. Qxc3 Rxc3
21. Rd3 Rc7 22. Kb2 h5 23. Rc3 Bc6 24. Nd4 Nd7 25. Nb5 Rc8 26. Nxa7 Rb8 27.
Nxc6 bxc6+ 28. Rb3 Rd8 29. a4 Nc5 30. Rb4 Ra8 31. Ra1 Ra5 32. Kc3 Kg7 33. Kd4
e5+ 34. Ke3 Kf6 35. Rb6 Ke6 36. Rxc6 Nxa4 37. Rd1 Nb2 38. Rdxd6+ Ke7 39. Rd5
Ra3+ 40. Kd2 Ra1 41. Rb5 Ra2 42. Rb7+ Kf8 43. Rc8+ Kg7 44. Rcc7 Kg8 45. Rxf7
Nc4+ 46. Kc3 Nd6 47. Rg7+ Kf8 48. Rbd7 Ra6 49. Rxd6 Rxd6 50. Rc7 Rd1 51. Kc4
Rd2 52. Rc5 Rxc2+ 53. Kd5 Rxg2 54. Kxe5 Rg3 55. Kf6 Rxf3+ 56. Kxg6 Rg3+ 57.
Kxh5 Re3 58. Rf5+ Ke7 59. Rf4 Ke6 60. Kg5 Ke5 61. Rg4 Ke6 62. h5 Kf7 63. Kf5
Rh3 64. Rg5 Rf3+ 65. Kg4 Re3 66. e5 Re4+ 67. Kf5 Re1 68. Rg6 Rf1+ 69. Kg5 Rg1+
70. Kh6 Rh1 71. Rf6+ Ke7 72. Rf5 Ke6 73. Kg6 Rh2 74. Rg5 Ra2 75. h6 Ra8 76. h7
Ke7 77. Kg7 Ra6 78. h8=Q Rg6+ 79. Rxg6 1-0

[Event "International Championship of Central S"]
[Site "Paracin"]
[Date "2014.07.08"]
[Round "5.15"]
[White "Zarkovic, Milos"]
[Black "Dyulgerov, Dimitar"]
[Result "1/2-1/2"]
[WhiteElo "1822"]
[BlackElo "1977"]
[PlyCount "62"]
[EventDate "2014.07.04"]

1. d4 Nf6 2. c4 e6 3. Nc3 Bb4 4. a3 Bxc3+ 5. bxc3 c5 6. Nf3 Qa5 7. Bd2 Nc6 8.
e3 d6 9. Bd3 e5 10. Qc2 Qc7 11. d5 Ne7 12. O-O Nh5 13. Nh4 g6 14. e4 h6 15.
Rfe1 Bd7 16. g3 O-O-O 17. Kh1 Rdf8 18. f4 f6 19. Qd1 Ng7 20. Ng2 g5 21. f5 Qa5
22. a4 Ne8 23. Qb3 Nc7 24. Reb1 b6 25. Ne3 Kd8 26. Be2 h5 27. h3 h4 28. g4 Ke8
29. Bd1 Kf7 30. Nc2 Rb8 31. Na3 Ne8 1/2-1/2

[Event "International Championship of Central S"]
[Site "Paracin"]
[Date "2014.07.08"]
[Round "5.16"]
[White "Tosic, Dragoljub"]
[Black "Colovic, Zoran"]
[Result "0-1"]
[WhiteElo "1952"]
[BlackElo "2088"]
[PlyCount "78"]
[EventDate "2014.07.04"]

1. d4 Nf6 2. Nf3 g6 3. c4 Bg7 4. Bg5 O-O 5. Nc3 c5 6. Qd2 cxd4 7. Nxd4 Re8 8.
h4 Nc6 9. Bxf6 Bxf6 10. Nf3 d6 11. h5 Bg4 12. hxg6 hxg6 13. e3 Rc8 14. Nd4 Qa5
15. a3 a6 16. f3 Bd7 17. b4 Nxb4 18. Nd5 Bxd4 19. exd4 Nc2+ 20. Kd1 Qxd2+ 21.
Kxd2 Nxa1 22. Kc3 Be6 23. Ne3 b5 24. d5 Bd7 25. Kb2 Rc5 26. Kxa1 Rec8 27. Kb2
bxc4 28. Kc3 Ba4 29. Rh4 e6 30. Rd4 Rb8 31. Bxc4 e5 32. Rg4 Rb3+ 33. Kd2 Rxa3
34. Nf5 Rxc4 35. Ne7+ Kf8 36. Nxg6+ fxg6 37. Rxc4 Bb5 38. Rc8+ Kf7 39. Rd8 Rd3+
0-1

[Event "International Championship of Central S"]
[Site "Paracin"]
[Date "2014.07.08"]
[Round "5.17"]
[White "Petrovic, Marija"]
[Black "Raykov, Stefan"]
[Result "0-1"]
[WhiteElo "2087"]
[BlackElo "1845"]
[PlyCount "58"]
[EventDate "2014.07.04"]

1. Nf3 c5 2. g3 Nc6 3. Bg2 e5 4. d3 g6 5. O-O Bg7 6. e4 Nge7 7. c3 O-O 8. a3 d6
9. b4 b6 10. Bb2 h6 11. Nbd2 Be6 12. b5 Na5 13. Re1 Qd7 14. a4 Bh3 15. Qe2 Bxg2
16. Kxg2 f5 17. d4 f4 18. Rad1 g5 19. h3 g4 20. hxg4 Qxg4 21. Nf1 fxg3 22. fxg3
Ng6 23. N3h2 Nf4+ 24. Kh1 Qxe2 25. Rxe2 Nxe2 26. Re1 Rf2 27. dxc5 dxc5 28. Ng4
Rxf1+ 29. Rxf1 Nxg3+ 0-1

[Event "International Championship of Central S"]
[Site "Paracin"]
[Date "2014.07.08"]
[Round "5.18"]
[White "Stanojevic, Ilija"]
[Black "Madic, Zivko"]
[Result "0-1"]
[WhiteElo "1861"]
[BlackElo "2073"]
[PlyCount "68"]
[EventDate "2014.07.04"]

1. e4 c5 2. Nf3 e6 3. c3 Nf6 4. Bd3 Nc6 5. Bc2 d5 6. e5 Nd7 7. d4 Be7 8. a3 c4
9. b4 cxb3 10. Bxb3 Nb6 11. Bc2 Bd7 12. Qd3 Rc8 13. h4 Na5 14. Rh3 a6 15. a4
Bc6 16. Rg3 g6 17. Bg5 h6 18. Bxe7 Qxe7 19. h5 g5 20. Nh2 Kd7 21. Ng4 Kc7 22.
Nd2 Nbc4 23. Nb3 Nxb3 24. Bxb3 Na5 25. Qc2 Kb8 26. Qb2 Qc7 27. Rb1 Ka8 28. Ne3
Be8 29. Nc2 f5 30. exf6 Bxh5 31. Re3 Rce8 32. Nb4 Bg6 33. Rc1 Rhf8 34. Qe2 Nxb3
0-1

[Event "International Championship of Central S"]
[Site "Paracin"]
[Date "2014.07.08"]
[Round "5.19"]
[White "Djuretanovic, Ivan"]
[Black "Emmanouilidis, Athanasios"]
[Result "0-1"]
[WhiteElo "2064"]
[BlackElo "1880"]
[PlyCount "76"]
[EventDate "2014.07.04"]

1. e4 c5 2. Nf3 d6 3. c3 Nf6 4. Be2 g6 5. e5 dxe5 6. Nxe5 Bg7 7. d4 cxd4 8.
cxd4 O-O 9. O-O Nc6 10. Nxc6 bxc6 11. Nc3 Qd6 12. Bf3 Nd5 13. Re1 Rb8 14. Qa4
Rb4 15. Qxa7 Bxd4 16. Qa3 Bc5 17. Nxd5 cxd5 18. Qd3 Qb6 19. Kh1 Bxf2 20. Rxe7
Bh4 21. Re5 Ba6 22. Qd1 Rd4 23. Qb3 Qf6 24. Bh6 Qxe5 25. Bxf8 Kxf8 26. Qa3+ Be7
27. Qxa6 Rh4 28. Qc8+ Kg7 29. h3 Bd6 30. Kg1 Qh2+ 31. Kf2 Rc4 32. Qa6 Bc5+ 33.
Ke2 Qe5+ 34. Kd1 Qd4+ 35. Ke1 Qf2+ 36. Kd1 Qf1+ 37. Kd2 Rd4+ 38. Kc3 Qxa6 0-1

[Event "International Championship of Central S"]
[Site "Paracin"]
[Date "2014.07.08"]
[Round "5.20"]
[White "Lojovic, Matija"]
[Black "Isak, Igor G"]
[Result "1/2-1/2"]
[WhiteElo "1839"]
[BlackElo "2062"]
[PlyCount "58"]
[EventDate "2014.07.04"]

1. e4 c5 2. c3 Nf6 3. e5 Nd5 4. d4 cxd4 5. cxd4 d6 6. Nf3 Nc6 7. exd6 e6 8. Bd3
Bxd6 9. Nc3 Nxc3 10. bxc3 Qa5 11. Bd2 O-O 12. O-O Qh5 13. h3 e5 14. Nxe5 Qxd1
15. Raxd1 Nxe5 16. dxe5 Bxe5 17. Rfe1 Bc7 18. Bc4 Rb8 19. Be3 b6 20. Bg5 b5 21.
Bd5 Be6 22. Bxe6 fxe6 23. Rxe6 Bb6 24. Be3 Bxe3 25. Rxe3 Rb7 26. Red3 Rc8 27.
Rd8+ Rxd8 28. Rxd8+ Kf7 29. Kf1 Ke7 1/2-1/2

[Event "International Championship of Central S"]
[Site "Paracin"]
[Date "2014.07.08"]
[Round "5.21"]
[White "Ljangov, Petar"]
[Black "Rakic, Ognjan"]
[Result "1-0"]
[WhiteElo "2046"]
[BlackElo "1809"]
[PlyCount "77"]
[EventDate "2014.07.04"]

1. e4 e6 2. d4 d5 3. Nc3 Nf6 4. Bg5 Be7 5. e5 Nfd7 6. Bxe7 Qxe7 7. f4 g6 8. Nf3
a6 9. Qd2 c5 10. dxc5 Nxc5 11. Bd3 Bd7 12. O-O-O Nxd3+ 13. cxd3 Nc6 14. Kb1 b5
15. Ne2 Qb4 16. Qxb4 Nxb4 17. Ned4 Rc8 18. a3 Nc6 19. Nxc6 Bxc6 20. Nd4 Kd7 21.
Rc1 Bb7 22. Rxc8 Rxc8 23. Rc1 Rxc1+ 24. Kxc1 Bc6 25. b4 Kc7 26. Kd2 Kb6 27. Ke3
Be8 28. g4 Kc7 29. h4 Kd7 30. Nb3 Kc6 31. Kd4 Kb6 32. Nd2 Kc6 33. Nf3 h6 34.
Ng1 Kb6 35. Ne2 Kc6 36. Ng3 Kb6 37. h5 Kc6 38. g5 hxg5 39. h6 1-0

[Event "International Championship of Central S"]
[Site "Paracin"]
[Date "2014.07.08"]
[Round "5.22"]
[White "Kostic, Tomislav"]
[Black "Lukic, Lazar"]
[Result "0-1"]
[WhiteElo "2023"]
[BlackElo "1757"]
[PlyCount "91"]
[EventDate "2014.07.04"]

1. e4 e5 2. Nf3 Nc6 3. Nc3 Nf6 4. Bb5 Bb4 5. O-O O-O 6. d3 d6 7. Bg5 Ne7 8. Qe2
Bxc3 9. bxc3 Ng6 10. Rfe1 h6 11. Bc1 Nh5 12. d4 c6 13. Ba4 Qf6 14. Rb1 b5 15.
Bb3 Bg4 16. Qd1 Nh4 17. Re3 Nxf3+ 18. gxf3 Bh3 19. f4 Qg6+ 20. Rg3 Nxg3 21.
fxg3 Qxe4 22. Qd2 exd4 23. cxd4 Rfe8 24. Ba3 Qe2 25. Qxe2 Rxe2 26. Bxd6 Be6 27.
a4 Bxb3 28. cxb3 Rae8 29. axb5 cxb5 30. Bc5 a5 31. Rd1 Re1+ 32. Rxe1 Rxe1+ 33.
Kf2 Re8 34. Bb6 a4 35. bxa4 bxa4 36. Bc5 f5 37. h3 Ra8 38. Ba3 Kf7 39. g4 g6
40. d5 Rb8 41. d6 Ke6 42. g5 h5 43. Kg3 Rb3+ 44. Kh4 Rxa3 45. d7 Rxh3+ 46. Kxh3
0-1

[Event "International Championship of Central S"]
[Site "Paracin"]
[Date "2014.07.08"]
[Round "5.23"]
[White "Kuzmanovic, Aleksa"]
[Black "Lazic, Milan B"]
[Result "1/2-1/2"]
[WhiteElo "1809"]
[BlackElo "2022"]
[PlyCount "63"]
[EventDate "2014.07.04"]

1. d4 Nf6 2. Bg5 Ne4 3. Bf4 g5 4. f3 gxf4 5. fxe4 c5 6. dxc5 Qa5+ 7. Qd2 Qxc5
8. Qc3 Qxc3+ 9. Nxc3 Bg7 10. Nd5 Kd8 11. O-O-O b6 12. Nh3 Bb7 13. Nhxf4 e6 14.
Nc3 Bxc3 15. bxc3 Bxe4 16. e3 Ke7 17. Bd3 Bb7 18. e4 d6 19. Rde1 Nd7 20. Re3
Rac8 21. Kd2 Ne5 22. Rg3 Rc5 23. h4 Ra5 24. Ra1 Ra4 25. Ke3 h6 26. Rg7 Kf8 27.
Nxe6+ fxe6 28. Rxb7 Rg8 29. Rb8+ Kf7 30. Rxg8 Kxg8 31. g3 Kf7 32. Be2 1/2-1/2

[Event "International Championship of Central S"]
[Site "Paracin"]
[Date "2014.07.08"]
[Round "5.24"]
[White "Milosevic, Jovana"]
[Black "Mitev, Valentin"]
[Result "1/2-1/2"]
[WhiteElo "1990"]
[BlackElo "1640"]
[PlyCount "137"]
[EventDate "2014.07.04"]

1. Nf3 Nf6 2. c4 g6 3. Nc3 d5 4. d4 Bg7 5. e3 O-O 6. Be2 c5 7. O-O cxd4 8. Nxd4
Nc6 9. cxd5 Nxd5 10. Nxd5 Qxd5 11. Bf3 Qc5 12. Nxc6 bxc6 13. Qa4 Bb7 14. Bd2
Qb6 15. Ba5 Qa6 16. Rac1 c5 17. Bxb7 Qxb7 18. b3 Rac8 19. Rfd1 Rc6 20. Rc4 Rd6
21. Rf1 Rd5 22. Rcc1 Rg5 23. g3 Rh5 24. Rfd1 Qa6 25. Rc4 Bf6 26. Rd2 Qe6 27.
Qd7 Qe5 28. Bc3 Qb8 29. Bxf6 exf6 30. Rd6 Rf5 31. Ra4 a5 32. e4 Re5 33. Rxf6
Kg7 34. Rf4 Qb6 35. Qd2 Ra8 36. Qc3 f6 37. Rf3 Qc6 38. Re3 Qc7 39. Rd3 Qc6 40.
f3 Qc7 41. Qd2 Ra7 42. Rd5 Rxd5 43. Qxd5 Qb6 44. Kg2 Qb5 45. Rc4 Rd7 46. Qxc5
Qxc5 47. Rxc5 Rd2+ 48. Kh3 Rxa2 49. Kg4 h5+ 50. Kf4 Ra3 51. h4 Kh6 52. g4 Rxb3
53. Rxa5 hxg4 54. fxg4 Rh3 55. Ra8 Kg7 56. Ra7+ Kg8 57. e5 fxe5+ 58. Kxe5 Rxh4
59. Kf4 Rh1 60. Kg5 Rg1 61. Ra6 Kh7 62. Ra7+ Kg8 63. Rd7 Rg2 64. Rd3 Kg7 65.
Rd6 Kh7 66. Rd3 Kg7 67. Rh3 Rd2 68. Kf4 Rd4+ 69. Kg5 1/2-1/2

[Event "International Championship of Central S"]
[Site "Paracin"]
[Date "2014.07.08"]
[Round "5.25"]
[White "Djoric, Krsta"]
[Black "Injac, Teodora"]
[Result "0-1"]
[WhiteElo "1801"]
[BlackElo "1984"]
[PlyCount "44"]
[EventDate "2014.07.04"]

1. f4 d5 2. Nf3 c5 3. c3 Nc6 4. e3 Nf6 5. Be2 e6 6. O-O Be7 7. Na3 O-O 8. Nc2
Rb8 9. b3 b5 10. d3 Qb6 11. Qe1 Ba6 12. Nd2 e5 13. fxe5 Nxe5 14. d4 Ng6 15. Bf3
Rfe8 16. Qf2 Rbd8 17. Be2 Bd6 18. Bd3 Bxh2+ 19. Kh1 Bb7 20. Bxg6 hxg6 21. Nf3
Ne4 22. Qh4 Bg3 0-1